[Event "Mittelrhein Verbandsliga-W 18/19"]
[Site "Nordrheinwestfalen"]
[Date "2019.05.05"]
[Round "10.2"]
[White "Vogel, Heike"]
[Black "Flatten, Arnold"]
[Result "1-0"]
[WhiteElo "2046"]
[BlackElo "2070"]
[PlyCount "50"]
[EventDate "2018.09.02"]
[EventType "team-tourn"]
[EventRounds "11"]
[EventCountry "GER"]
[SourceTitle "EXT 2022"]
[Source "ChessBase"]
[SourceDate "2021.10.06"]
[SourceVersion "1"]
[SourceVersionDate "2021.10.06"]
[SourceQuality "1"]
[WhiteTeam "Kerpen SK"]
[BlackTeam "Lendersdorf"]
[WhiteTeamCountry "GER"]
[BlackTeamCountry "GER"]

1. d4 Nf6 2. Nf3 g6 3. Nc3 d5 4. Bf4 Bg7 5. e3 0-0 6. Bd3 a6 7. Ne5 c5 8. h4 Nh5 9. Bg5 Nc6 10. g4 Nf6 11. f3 cxd4 12. Nxc6 bxc6 13. exd4 Qb6 14. Qd2 Qxd4 15. h5 Qb4 16. Bh6 d4 17. Bxg7 Kxg7 18. hxg6 fxg6 19. Qg5 dxc3 20. Rxh7+ Kxh7 21. Qxg6+ Kh8 22. Qh6+ Kg8 23. Qg6+ Kh8 24. Ke2 Bxg4 25. Rh1+ Bh5 1-0

[Event "BL2 West 1819 (Women)"]
[Site "Germany"]
[Date "2019.01.13"]
[Round "7.1"]
[White "Vogel, Heike"]
[Black "Freitag, Julia"]
[Result "1/2-1/2"]
[WhiteElo "2144"]
[BlackElo "2119"]
[PlyCount "108"]
[EventDate "2018.10.27"]
[EventType "team-tourn"]
[EventRounds "7"]
[EventCountry "GER"]
[SourceTitle "CBM 190 Extra"]
[Source "ChessBase"]
[SourceDate "2019.07.15"]
[SourceVersion "1"]
[SourceVersionDate "2019.07.15"]
[SourceQuality "1"]
[WhiteTeam "Muelheim Nord (W)"]
[BlackTeam "Steinfurt (W)"]
[WhiteTeamCountry "GER"]
[BlackTeamCountry "GER"]

1. d4 d5 2. Nf3 e6 3. Bf4 Bd6 4. Bg3 f5 5. e3 Nf6 6. Nbd2 0-0 7. Bd3 Ne4 8. Bh4 Qe8 9. Ne5 Bxe5 10. dxe5 c5 11. g4 c4 12. Be2 Nc6 13. f4 b5 14. gxf5 exf5 15. Nxe4 dxe4 16. Bh5 Qe6 17. Qe2 Nb4 18. Rd1 Nd5 19. Rg1 a5 20. Qd2 Bb7 21. Qg2 Qh6 22. Qe2 Kh8 23. Bg5 Qb6 24. Rg3 Ra7 25. Rd4 Ba8 26. Qd1 Rd7 27. Qd2 Rc8 28. c3 b4 29. Kf2 bxc3 30. bxc3 a4 31. Rh3 a3 32. Kg3 Kg8 33. Be2 Qb2 34. e6 Rd6 35. e7 h6 36. Bh4 Qxd2 37. Rxd2 Re6 38. Rd4 g5 39. fxg5 hxg5 40. Bxg5 Rg6 41. Rh5 Nxe7 42. Bxc4+ Kf8 43. Rh8+ Kg7 44. Rh5 f4+ 45. Kf2 fxe3+ 46. Ke1 Rc7 47. Bb3 Bb7 48. Rd8 Ba6 49. Bxe3 Rg2 50. Rdh8 Re2+ 51. Kd1 Rxe3 52. R8h7+ Kg6 53. R7h6+ Kg7 54. Rh7+ Kg6 1/2-1/2

[Event "BL2 West 1819 (Women)"]
[Site "Germany"]
[Date "2018.10.27"]
[Round "1.1"]
[White "Michna, Marta"]
[Black "Vogel, Heike"]
[Result "1-0"]
[WhiteElo "2329"]
[BlackElo "2150"]
[PlyCount "105"]
[EventDate "2018.10.27"]
[EventType "team-tourn"]
[EventRounds "7"]
[EventCountry "GER"]
[SourceTitle "CBM 190 Extra"]
[Source "ChessBase"]
[SourceDate "2019.07.15"]
[SourceVersion "1"]
[SourceVersionDate "2019.07.15"]
[SourceQuality "1"]
[WhiteTeam "Kiel Doppelbauer (W)"]
[BlackTeam "Muelheim Nord (W)"]
[WhiteTeamCountry "GER"]
[BlackTeamCountry "GER"]

1. Nf3 g6 2. d4 Bg7 3. e4 c5 4. dxc5 b6 5. cxb6 Qxb6 6. c3 Nf6 7. e5 Ng4 8. Qd4 d5 9. Qxb6 axb6 10. Bf4 Nd7 11. Bb5 0-0 12. Bxd7 Bxd7 13. Nbd2 f6 14. exf6 Rxf6 15. Bg3 Re6+ 16. Kf1 Bb5+ 17. Kg1 Re2 18. h3 Ne5 19. Nd4 Rxd2 20. Nxb5 Rxb2 21. Nc7 Ra5 22. Rd1 Kf7 23. Nxd5 Raxa2 24. Kh2 Nc4 25. Rd3 Be5 26. Rf3+ Kg7 27. Nb4 Ra3 28. Bxe5+ Nxe5 29. Re3 Nc4 30. Rxe7+ Kh6 31. Rhe1 Rxf2 32. R1e4 Rxc3 33. Rc7 b5 34. Rh4+ Kg5 35. Rg4+ Kh6 36. Nd5 Rcf3 37. Ne7 Rf8 38. Rh4+ Kg5 39. Rg4+ Kh6 40. Rh4+ Kg5 41. Rxh7 Ne3 42. Rc5+ Nf5 43. Rxb5 Rd8 44. h4+ Kg4 45. Rb4+ Rf4 46. Rxf4+ Kxf4 47. Nxg6+ Kg4 48. Ne5+ Kf4 49. Nf3 Re8 50. Kh3 Rg8 51. Rf7 Rg3+ 52. Kh2 Rg8 53. Nd4 1-0

[Event "Mittelrhein Verbandsliga-W 17/18"]
[Site "Nordrheinwestfalen"]
[Date "2018.03.18"]
[Round "9.3"]
[White "Lentzen, Markus"]
[Black "Vogel, Heike"]
[Result "0-1"]
[WhiteElo "1843"]
[BlackElo "2070"]
[PlyCount "74"]
[EventDate "2017.09.10"]
[EventType "team-tourn"]
[EventRounds "11"]
[EventCountry "GER"]
[SourceTitle "EXT 2022"]
[Source "ChessBase"]
[SourceDate "2021.10.06"]
[SourceVersion "1"]
[SourceVersionDate "2021.10.06"]
[SourceQuality "1"]
[WhiteTeam "Dueren Derichsweiler"]
[BlackTeam "Kerpen SK"]
[WhiteTeamCountry "GER"]
[BlackTeamCountry "GER"]

1. Nf3 Nf6 2. c4 d5 3. cxd5 e6 4. dxe6 Bxe6 5. g3 Nc6 6. Bg2 Qd7 7. Nc3 Bh3 8. 0-0 h5 9. Qa4 h4 10. Ne4 hxg3 11. Nxf6+ gxf6 12. Qe4+ Be7 13. fxg3 Bxg2 14. Kxg2 Qh3+ 15. Kg1 0-0-0 16. Nh4 Kb8 17. Qf5 Rxh4 18. Rf2 Rg8 19. Qxh3 Rxh3 20. b3 Ne5 21. Bb2 Ng4 22. Rg2 Rd8 23. e3 Rxh2 24. Rxh2 Nxh2 25. d4 Rh8 26. Kg2 Ng4 27. Kf3 f5 28. e4 Rh2 29. exf5 Rxb2 30. Kxg4 Bf6 31. Re1 Kc8 32. Re8+ Bd8 33. Kf4 Rf2+ 34. Kg4 Rxa2 35. Kf3 Rb2 36. Re3 Rd2 37. Ke4 Bf6 0-1

[Event "Mittelrhein Verbandsliga-W 16/17"]
[Site "Nordrheinwestfalen"]
[Date "2017.04.09"]
[Round "10.2"]
[White "Lauter, Helmut"]
[Black "Vogel, Heike"]
[Result "0-1"]
[WhiteElo "1827"]
[BlackElo "2063"]
[PlyCount "60"]
[EventDate "2016.09.11"]
[EventType "team-tourn"]
[EventRounds "11"]
[EventCountry "GER"]
[SourceTitle "EXT 2022"]
[Source "ChessBase"]
[SourceDate "2021.10.06"]
[SourceVersion "1"]
[SourceVersionDate "2021.10.06"]
[SourceQuality "1"]
[WhiteTeam "Eilendorf Arminia"]
[BlackTeam "Kerpen SK"]
[WhiteTeamCountry "GER"]
[BlackTeamCountry "GER"]

1. d4 c5 2. c3 d5 3. Nf3 Nf6 4. Bg5 Nc6 5. e3 Qb6 6. Qb3 c4 7. Qc2 Bf5 8. Qc1 Ne4 9. Bf4 e6 10. Nbd2 Be7 11. Nxe4 Bxe4 12. Nd2 g5 13. Bg3 Bg6 14. h4 f6 15. f3 e5 16. Bf2 exd4 17. exd4 0-0-0 18. h5 Bf5 19. g4 Rhe8 20. Kd1 Bd3 21. Bxd3 cxd3 22. Bg3 Bd6 23. Bxd6 Rxd6 24. Re1 Rxe1+ 25. Kxe1 Re6+ 26. Kd1 Qc7 27. Nf1 Re2 28. c4 Rf2 29. Ke1 Rxf3 30. Kd2 Qf4+ 0-1

[Event "Mittelrhein Verbandsliga-W 16/17"]
[Site "Nordrheinwestfalen"]
[Date "2017.02.19"]
[Round "8.3"]
[White "Vogel, Heike"]
[Black "Bozidarevic, Slobodan"]
[Result "1-0"]
[WhiteElo "2063"]
[BlackElo "1909"]
[PlyCount "91"]
[EventDate "2016.09.11"]
[EventType "team-tourn"]
[EventRounds "11"]
[EventCountry "GER"]
[SourceTitle "EXT 2022"]
[Source "ChessBase"]
[SourceDate "2021.10.06"]
[SourceVersion "1"]
[SourceVersionDate "2021.10.06"]
[SourceQuality "1"]
[WhiteTeam "Kerpen SK"]
[BlackTeam "Eschweiler SC"]
[WhiteTeamCountry "GER"]
[BlackTeamCountry "GER"]

1. d4 d6 2. e4 Nf6 3. Nc3 c6 4. Bg5 Nbd7 5. f4 Qa5 6. Qd2 e5 7. Nf3 Be7 8. Be2 0-0 9. 0-0 exd4 10. Nxd4 h6 11. Nf5 Re8 12. Nxh6+ gxh6 13. Bxh6 Bf8 14. Bxf8 Rxf8 15. Rf3 Qc5+ 16. Kh1 Re8 17. e5 dxe5 18. fxe5 Rxe5 19. Qh6 Nh7 20. Rg3+ Rg5 21. Ne4 Qf8 22. Qxf8+ Kxf8 23. Nxg5 Ndf6 24. Nxh7+ Nxh7 25. Rf1 Ke7 26. Re3+ Be6 27. Bc4 Nf8 28. Bxe6 fxe6 29. Ref3 Ng6 30. Rf7+ Kd6 31. Rxb7 a5 32. Rd1+ Ke5 33. Rf7 c5 34. Re1+ Kd6 35. Rf6 Nf8 36. g4 Re8 37. h4 Nd7 38. Rd1+ Kc6 39. Rg6 Ne5 40. Rg7 Nc4 41. h5 Nxb2 42. Rdd7 Rf8 43. Rdf7 Rd8 44. h6 Nc4 45. h7 Rd1+ 46. Kh2 1-0

[Event "Mittelrhein Verbandsliga-W 16/17"]
[Site "Nordrheinwestfalen"]
[Date "2016.11.27"]
[Round "4.3"]
[White "Vogel, Heike"]
[Black "Flatten, Arnold"]
[Result "1/2-1/2"]
[WhiteElo "2056"]
[BlackElo "2043"]
[PlyCount "26"]
[EventDate "2016.09.11"]
[EventType "team-tourn"]
[EventRounds "11"]
[EventCountry "GER"]
[SourceTitle "EXT 2022"]
[Source "ChessBase"]
[SourceDate "2021.10.06"]
[SourceVersion "1"]
[SourceVersionDate "2021.10.06"]
[SourceQuality "1"]
[WhiteTeam "Kerpen SK"]
[BlackTeam "Lendersdorf"]
[WhiteTeamCountry "GER"]
[BlackTeamCountry "GER"]

1. d4 e6 2. Bf4 Nf6 3. e3 Be7 4. Bd3 b6 5. Qe2 Bb7 6. e4 c5 7. c3 Nc6 8. Nf3 cxd4 9. cxd4 Nb4 10. Nc3 Nxd3+ 11. Qxd3 0-0 12. 0-0 d5 13. e5 Ne4 1/2-1/2

[Event "Mittelrhein Verbandsliga-W 16/17"]
[Site "Nordrheinwestfalen"]
[Date "2016.10.02"]
[Round "2.2"]
[White "Vogel, Heike"]
[Black "Mueller, Norbert"]
[Result "0-1"]
[WhiteElo "2056"]
[BlackElo "2026"]
[PlyCount "62"]
[EventDate "2016.09.11"]
[EventType "team-tourn"]
[EventRounds "11"]
[EventCountry "GER"]
[SourceTitle "EXT 2022"]
[Source "ChessBase"]
[SourceDate "2021.10.06"]
[SourceVersion "1"]
[SourceVersionDate "2021.10.06"]
[SourceQuality "1"]
[WhiteTeam "Kerpen SK"]
[BlackTeam "Aachen PTSV"]
[WhiteTeamCountry "GER"]
[BlackTeamCountry "GER"]

1. d4 d5 2. Bf4 e6 3. e3 Nf6 4. Nf3 c5 5. c3 Be7 6. Nbd2 0-0 7. Bd3 Nc6 8. h4 Qb6 9. Rb1 Qd8 10. Be5 h6 11. g4 Nxg4 12. Bxg7 Kxg7 13. Nh2 Nxh2 14. Rxh2 Rg8 15. Qh5 Kf8 16. Qxh6+ Ke8 17. Nf3 Bf6 18. Rd1 Qe7 19. Kf1 Bd7 20. h5 e5 21. e4 Bg4 22. Be2 dxe4 23. d5 exf3 24. Bb5 Bd7 25. dxc6 Bxc6 26. Bxc6+ bxc6 27. Qh7 Rg4 28. Rh3 Qe6 29. b3 Rg7 30. Qh8+ Ke7 31. Qxa8 Qxh3+ 0-1

[Event "Mittelrhein Verbandsliga-W 15/16"]
[Site "Nordrheinwestfalen"]
[Date "2016.04.10"]
[Round "10.4"]
[White "Trinkel, Fabian"]
[Black "Vogel, Heike"]
[Result "0-1"]
[WhiteElo "1756"]
[BlackElo "2019"]
[PlyCount "66"]
[EventDate "2015.09.06"]
[EventType "team-tourn"]
[EventRounds "11"]
[EventCountry "GER"]
[SourceTitle "EXT 2022"]
[Source "ChessBase"]
[SourceDate "2021.10.06"]
[SourceVersion "1"]
[SourceVersionDate "2021.10.06"]
[SourceQuality "1"]
[WhiteTeam "Dueren Derichsweiler"]
[BlackTeam "Kerpen SK"]
[WhiteTeamCountry "GER"]
[BlackTeamCountry "GER"]

1. e4 c5 2. Nf3 Nc6 3. d4 cxd4 4. Nxd4 Nf6 5. Nc3 e5 6. Ndb5 d6 7. Nd5 Nxd5 8. exd5 Nb8 9. Bd3 Be7 10. Qh5 Nd7 11. c4 Nf6 12. Qe2 0-0 13. 0-0 Bd7 14. Nc3 Rc8 15. b3 Ne8 16. f4 f5 17. Qc2 e4 18. Be2 Bf6 19. Be3 b5 20. Qd2 b4 21. Nb5 Bxb5 22. cxb5 Bc3 23. Qd1 Bxa1 24. Qxa1 Rc2 25. Bd1 Rc3 26. Bxa7 Qf6 27. Qb1 Rf7 28. b6 Qd4+ 29. Kh1 Qd2 30. g4 Rc1 31. Qxc1 Qxc1 32. Be2 Qd2 33. Bb5 Nf6 0-1

[Event "BL2 West 1516 (Women)"]
[Site "Germany"]
[Date "2015.12.06"]
[Round "4.1"]
[White "Engels, Natia"]
[Black "Vogel, Heike"]
[Result "1/2-1/2"]
[WhiteElo "2135"]
[BlackElo "2140"]
[PlyCount "22"]
[EventDate "2015.09.26"]
[EventType "team-tourn"]
[EventRounds "7"]
[EventCountry "GER"]
[SourceTitle "EXT 2017"]
[Source "ChessBase"]
[SourceDate "2016.10.25"]
[SourceVersion "1"]
[SourceVersionDate "2016.10.25"]
[SourceQuality "1"]
[WhiteTeam "Steinfurt (W)"]
[BlackTeam "Muelheim (W)"]
[WhiteTeamCountry "GER"]
[BlackTeamCountry "GER"]

1. Nf3 f5 2. c4 Nf6 3. Nc3 g6 4. g3 Bg7 5. Bg2 0-0 6. 0-0 d6 7. d4 c6 8. Qc2 Qe8 9. d5 e5 10. dxe6 Bxe6 11. b3 Na6 1/2-1/2

[Event "GER-ch rapid (Women)"]
[Site "chess24.com INT"]
[Date "2015.09.12"]
[Round "2"]
[White "Vogel, Heike"]
[Black "Giss, Helene"]
[Result "1-0"]
[WhiteElo "2140"]
[BlackElo "2040"]
[PlyCount "51"]
[EventDate "2015.09.12"]
[EventType "swiss (rapid)"]
[EventRounds "9"]
[EventCountry "GER"]
[SourceTitle "EXT 2017"]
[Source "ChessBase"]
[SourceDate "2016.10.25"]
[SourceVersion "1"]
[SourceVersionDate "2016.10.25"]
[SourceQuality "1"]
[WhiteTeam "Germany"]
[BlackTeam "Germany"]
[WhiteTeamCountry "GER"]
[BlackTeamCountry "GER"]

1. d4 e6 2. Nf3 Nf6 3. Bg5 Be7 4. Nbd2 b6 5. e4 Bb7 6. Bd3 d6 7. Qe2 Nbd7 8. 0-0 Rc8 9. c4 e5 10. Rad1 c5 11. dxe5 dxe5 12. Nh4 h6 13. Be3 g6 14. f4 exf4 15. Bxf4 Nh5 16. Nxg6 fxg6 17. e5 Nf8 18. Bxg6+ Nxg6 19. Qxh5 Qd4+ 20. Kh1 Rg8 21. Bg3 Bg5 22. Nf3 Qxb2 23. Qg4 Rc7 24. Rf2 Qc3 25. Nxg5 hxg5 26. Qe6+ 1-0

[Event "BL2 West 1415 (Women)"]
[Site "Germany"]
[Date "2014.11.29"]
[Round "3.1"]
[White "Kopylov, Luba"]
[Black "Vogel, Heike"]
[Result "1-0"]
[WhiteElo "2152"]
[BlackElo "2135"]
[PlyCount "55"]
[EventDate "2014.09.27"]
[EventType "team-tourn"]
[EventRounds "7"]
[EventCountry "GER"]
[SourceTitle "CBM 166 Extra"]
[Source "ChessBase"]
[SourceDate "2015.06.18"]
[SourceVersion "1"]
[SourceVersionDate "2015.06.18"]
[SourceQuality "1"]
[WhiteTeam "Kiel Doppelbauer (W)"]
[BlackTeam "Muelheim (W)"]
[WhiteTeamCountry "GER"]
[BlackTeamCountry "GER"]

1. d4 c5 2. c4 e6 3. Nc3 cxd4 4. Qxd4 Nc6 5. Qd2 Nf6 6. e4 Bc5 7. Qg5 d5 8. Nh3 0-0 9. Bd3 h6 10. Qg3 Nh5 11. Qf3 Ne5 12. Qxh5 Nxd3+ 13. Ke2 dxc4 14. Rd1 e5 15. Nd5 Be6 16. Bg5 Qd7 17. Nf6+ gxf6 18. Qxh6 Bxh3 19. gxh3 Qd4 20. Be3 Nf4+ 21. Kf3 Qxd1+ 22. Rxd1 Bxe3 23. fxe3 Ng6 24. h4 Rfd8 25. Rg1 Rd2 26. h3 Rh2 27. Kg3 Re2 28. h5 1-0

[Event "GER-ch (Women)"]
[Site "Bad Wiessee"]
[Date "2013.03.27"]
[Round "8"]
[White "Vogel, Heike"]
[Black "Kohls, Vera"]
[Result "1-0"]
[WhiteElo "2153"]
[BlackElo "1855"]
[PlyCount "61"]
[EventDate "2013.03.20"]
[EventType "swiss"]
[EventRounds "9"]
[EventCountry "GER"]
[SourceTitle "CBM 153 Extra"]
[Source "ChessBase"]
[SourceDate "2013.04.22"]
[SourceVersion "1"]
[SourceVersionDate "2013.04.22"]
[SourceQuality "1"]

1. d4 Nf6 2. Bg5 e6 3. Nd2 h6 4. Bh4 b6 5. e4 Be7 6. Bd3 Bb7 7. Qe2 d6 8. f4 Nh7 9. Bg3 c5 10. c3 a6 11. Ngf3 d5 12. e5 c4 13. Bc2 Nc6 14. 0-0 b5 15. f5 Ng5 16. Nxg5 hxg5 17. fxe6 fxe6 18. Bg6+ Kd7 19. Rf7 Rh6 20. Bh5 Qh8 21. Bg4 Rf8 22. Rxf8 Qxf8 23. a4 b4 24. Rf1 Qh8 25. Nxc4 dxc4 26. d5 Bc5+ 27. Kh1 Nd8 28. Qxc4 Be7 29. dxe6+ Ke8 30. Qc7 Qh7 31. Qd7# 1-0

[Event "GER-ch (Women)"]
[Site "Bad Wiessee"]
[Date "2013.03.25"]
[Round "6"]
[White "Vogel, Heike"]
[Black "Dirmeier, Carolin"]
[Result "1-0"]
[WhiteElo "2153"]
[BlackElo "2049"]
[PlyCount "91"]
[EventDate "2013.03.20"]
[EventType "swiss"]
[EventRounds "9"]
[EventCountry "GER"]
[SourceTitle "CBM 153 Extra"]
[Source "ChessBase"]
[SourceDate "2013.04.22"]
[SourceVersion "1"]
[SourceVersionDate "2013.04.22"]
[SourceQuality "1"]

1. Nf3 g6 2. h4 d5 3. d4 Nc6 4. Bf4 Bg7 5. h5 Bf5 6. h6 Bf6 7. e3 Qd7 8. c3 e6 9. Nbd2 Nge7 10. Ne5 Bxe5 11. dxe5 Rg8 12. g4 g5 13. gxf5 gxf4 14. fxe6 Qxe6 15. exf4 Qf5 16. Qf3 Ng6 17. Rg1 Ke7 18. Qxd5 Rad8 19. Qc5+ Kd7 20. 0-0-0 Kc8 21. Qe3 Nxf4 22. Rxg8 Rxg8 23. Nf3 Re8 24. Bb5 Ng2 25. Qd3 Qf4+ 26. Nd2 Qxh6 27. Bxc6 bxc6 28. Qa6+ Kb8 29. Qa5 Rd8 30. Qb4+ Ka8 31. Qe7 Qf8 32. Qxc7 Rc8 33. Qd7 Nf4 34. Nc4 Qe8 35. Qxe8 Rxe8 36. Rd7 h5 37. Kd2 f6 38. Nd6 Rf8 39. exf6 Nd5 40. f7 h4 41. c4 Nf6 42. Re7 h3 43. Re3 Rd8 44. Ke2 Kb8 45. Rxh3 Kc7 46. Ne8+ 1-0

[Event "GER-ch (Women)"]
[Site "Bad Wiessee"]
[Date "2013.03.22"]
[Round "3"]
[White "Beltz, Martina"]
[Black "Vogel, Heike"]
[Result "1-0"]
[WhiteElo "2104"]
[BlackElo "2153"]
[PlyCount "67"]
[EventDate "2013.03.20"]
[EventType "swiss"]
[EventRounds "9"]
[EventCountry "GER"]
[SourceTitle "CBM 153 Extra"]
[Source "ChessBase"]
[SourceDate "2013.04.22"]
[SourceVersion "1"]
[SourceVersionDate "2013.04.22"]
[SourceQuality "1"]

1. d4 c5 2. e3 Nf6 3. Nf3 e6 4. Nbd2 Be7 5. Bd3 b6 6. b3 Bb7 7. Bb2 d6 8. 0-0 Nbd7 9. Qe2 Qc7 10. Rfd1 0-0-0 11. Ba6 Nd5 12. a4 f5 13. a5 Bf6 14. Ra4 g5 15. Rda1 g4 16. Ne1 Nb8 17. Bxb7+ Qxb7 18. axb6 a6 19. Nc4 Rhg8 20. Nd3 Be7 21. dxc5 dxc5 22. Be5 Rd7 23. Ra5 Kd8 24. Bxb8 Ke8 25. Be5 Nxb6 26. Nxb6 Qxb6 27. Rxa6 Qb7 28. Rxe6 Kf7 29. Rh6 Qd5 30. Rxh7+ Ke8 31. Rh8 Rxh8 32. Bxh8 Bd6 33. Nf4 Qe4 34. Qc4 1-0

[Event "GER-chT Federal Cup (Women)"]
[Site "Braunfels"]
[Date "2012.06.08"]
[Round "3.4"]
[White "Spiegelberg, Silvia"]
[Black "Vogel, Heike"]
[Result "0-1"]
[WhiteElo "1903"]
[BlackElo "2132"]
[PlyCount "74"]
[EventDate "2012.06.07"]
[EventType "team-swiss"]
[EventRounds "5"]
[EventCountry "GER"]
[SourceTitle "CBM 149 Extra"]
[Source "ChessBase"]
[SourceDate "2012.08.24"]
[SourceVersion "1"]
[SourceVersionDate "2012.08.24"]
[SourceQuality "1"]
[WhiteTeam "Baden (W)"]
[BlackTeam "Nordrhein Westfalen (W)"]
[WhiteTeamCountry "GER"]
[BlackTeamCountry "GER"]

1. e4 c5 2. Nf3 Nc6 3. d4 cxd4 4. Nxd4 Nf6 5. Nc3 e5 6. Ndb5 d6 7. Bg5 a6 8. Na3 b5 9. Nd5 Be7 10. Bxf6 gxf6 11. Bd3 Rg8 12. Rg1 Nd4 13. f3 Bb7 14. c3 Qa5 15. Nc2 Rc8 16. Nce3 Ne6 17. Nxe7 Kxe7 18. Nf5+ Kf8 19. Nxd6 Qb6 20. Nxc8 Qxg1+ 21. Bf1 Qe3+ 22. Qe2 Qxe2+ 23. Bxe2 Bxc8 24. g3 Ke7 25. Kf2 Rd8 26. Ke3 Ng7 27. f4 f5 28. fxe5 fxe4 29. g4 Ke6 30. Rf1 Rd7 31. c4 bxc4 32. Bxc4+ Kxe5 33. h3 f6 34. b3 Rd6 35. Be2 Rc6 36. Bc4 Be6 37. Rf4 f5 0-1